| 000 | 02179nam a22003497a 4500 | ||
|---|---|---|---|
| 001 | 103653 | ||
| 003 | KnowledgeUnlatched | ||
| 005 | 20210303105133.0 | ||
| 006 | m o d | ||
| 007 | cr u|||||||||| | ||
| 008 | 210129p20182019gw o u00| u eng d | ||
| 037 | _5BiblioBoard | ||
| 245 | 0 | 0 |
_aWhen Juvenile Delinquency Became an International Post-War Concern _bThe United Nations, the Council of Europe and the Place of Greece / _cEfi Avdela. |
| 020 | _a9783737009416 | ||
| 029 | 1 | _ahttps://library.biblioboard.com/ext/api/media/1442c7be-306d-46bd-8f7f-5c51c5d989f5/assets/thumbnail.jpg | |
| 040 |
_aScCtBLL _cScCtBLL |
||
| 100 | 1 |
_aAvdela, Efi _eauthor. |
|
| 264 | 1 | _bVandenhoeck & Ruprecht, | |
| 300 | _a1 online resource (55 p.) | ||
| 506 | 0 |
_aAccess copy available to the general public. _fUnrestricted _2star |
|
| 520 | _a"This book examines how the intensive discussions about the issue of juvenile delinquency in the new international organizations (United Nations, World Health Organization, Council of Europe), which emerged after the end of the Second World War, internationalized the anxieties generated in the fifties and sixties by its purported increase in Europe and beyond. Greece, a regular member-state, anxious to ensure international legitimacy in the aftermath of the Civil War, presented abroad an embellished picture of the measures undertaken at home for the prevention and containment of juvenile delinquency, sidestepping the strong moralism and the juridical formalism that dominated both official and unofficial approaches." | ||
| 588 | 0 | _aDescription based on print version record. | |
| 590 | _aKU Open Services | ||
| 650 | 7 |
_aPolitical Science _2bisacsh |
|
| 650 | 0 | _aPolitical science | |
| 655 | 0 | _aElectronic books. | |
| 758 |
_iIs found in: _aKnowledge Unlatched _1https://openresearchlibrary.org/module/2774bc74-146a-484f-a7ba-ab1d6a09bbfb |
||
| 856 | 4 | 0 |
_uhttps://openresearchlibrary.org/content/1442c7be-306d-46bd-8f7f-5c51c5d989f5 _zView this content on Open Research Library. _70 |
| 999 |
_c33729 _d33729 |
||